| 000 | 01173nam a22003250a 4500 | ||
|---|---|---|---|
| 001 | PT4507 | ||
| 003 | AR-LpoUNG | ||
| 005 | 20210131231827.0 | ||
| 008 | 191001s1999||||ag |||||||||||||||||spa d | ||
| 020 |
_a9501290603 _c$4.66 |
||
| 040 |
_aAR-LpoUNG _bspa _cAR-LpoUNG _eaacr |
||
| 041 | _aspa | ||
| 044 | _aag | ||
| 082 | 0 | _a372.044 6 839enf | |
| 100 | 1 |
_aLomas, Carlos _ecoor. |
|
| 245 | 1 | 3 | _aEl enfoque comunicativo de la enseñanza de la lengua |
| 250 | _a1§ edición | ||
| 260 |
_aBuenos Aires : _bPaidós, _c1999. |
||
| 300 |
_a279 p. : _bgráfs. |
||
| 520 | _aEste libro reúne tanto una visión panorámica de las aportaciones de diversos enfoques teóricos a la reflexión sobre los fenómenos del lenguaje y de la comunicación como algunas propuestas didácticas que ilustran un trabajo escolar orientado a la mejora de la competencia comunicativa de los usuarios de la lengua. | ||
| 650 | 4 | _aEDUCACION | |
| 650 | 4 | _aENSEÑANZA | |
| 650 | 4 | _aESCRITURA | |
| 650 | 4 | _aESCUELAS PRIMARIAS | |
| 650 | 4 | _aMETODOS PEDAGOGICOS | |
| 651 | 4 | _aDOCUMENTOS TEORICOS O METODOLOGICOS | |
| 700 | 1 |
_aOsoro, Andrés _ecoor. |
|
| 905 | _a4507 | ||
| 942 | _cLIB | ||
| 999 |
_c12160 _d12160 |
||